<?xml version="1.0" encoding="UTF-8"?>
<record
    xmlns:xsi="http://www.w3.org/2001/XMLSchema-instance"
    xsi:schemaLocation="http://www.loc.gov/MARC21/slim http://www.loc.gov/standards/marcxml/schema/MARC21slim.xsd"
    xmlns="http://www.loc.gov/MARC21/slim">

  <leader>03317cam a2200409 i 4500</leader>
  <datafield tag="952" ind1=" " ind2=" ">
    <subfield code="0">0</subfield>
    <subfield code="1">0</subfield>
    <subfield code="2">ddc</subfield>
    <subfield code="4">0</subfield>
    <subfield code="7">0</subfield>
    <subfield code="8">FOR</subfield>
    <subfield code="a">MES</subfield>
    <subfield code="b">MES</subfield>
    <subfield code="c">FOR </subfield>
    <subfield code="d">2021-07-20</subfield>
    <subfield code="e">38</subfield>
    <subfield code="g">9836.75</subfield>
    <subfield code="l">1</subfield>
    <subfield code="m">3</subfield>
    <subfield code="o">615.9 KLA/C</subfield>
    <subfield code="p">41178</subfield>
    <subfield code="r">2024-10-23 13:15:11</subfield>
    <subfield code="s">2024-09-02</subfield>
    <subfield code="v">13475.00</subfield>
    <subfield code="w">2021-07-20</subfield>
    <subfield code="y">BK</subfield>
    <subfield code="z">GL51R5</subfield>
  </datafield>
  <datafield tag="999" ind1=" " ind2=" ">
    <subfield code="c">41343</subfield>
    <subfield code="d">41343</subfield>
  </datafield>
  <controlfield tag="001">20405795</controlfield>
  <controlfield tag="003">OSt</controlfield>
  <controlfield tag="005">20210720115620.0</controlfield>
  <controlfield tag="008">180314t20192019nyua     b    001 0 eng  </controlfield>
  <datafield tag="010" ind1=" " ind2=" ">
    <subfield code="a">  2018011899</subfield>
  </datafield>
  <datafield tag="020" ind1=" " ind2=" ">
    <subfield code="a">9781259863745</subfield>
    <subfield code="q">(hardback)</subfield>
  </datafield>
  <datafield tag="020" ind1=" " ind2=" ">
    <subfield code="a">1259863743</subfield>
    <subfield code="q">(hardcover)</subfield>
  </datafield>
  <datafield tag="040" ind1=" " ind2=" ">
    <subfield code="a">DLC</subfield>
    <subfield code="b">eng</subfield>
    <subfield code="c">DLC</subfield>
    <subfield code="e">rda</subfield>
    <subfield code="d">DLC</subfield>
  </datafield>
  <datafield tag="042" ind1=" " ind2=" ">
    <subfield code="a">pcc</subfield>
  </datafield>
  <datafield tag="050" ind1="0" ind2="0">
    <subfield code="a">RA1211</subfield>
    <subfield code="b">.C296 2019</subfield>
  </datafield>
  <datafield tag="082" ind1="0" ind2="0">
    <subfield code="a">615.9</subfield>
    <subfield code="2">23</subfield>
    <subfield code="b">KLA/C</subfield>
  </datafield>
  <datafield tag="084" ind1=" " ind2=" ">
    <subfield code="a">MED071000</subfield>
    <subfield code="2">bisacsh</subfield>
  </datafield>
  <datafield tag="245" ind1="0" ind2="0">
    <subfield code="a">Casarett and Doull's toxicology :</subfield>
    <subfield code="b">the basic science of poisons /</subfield>
    <subfield code="c">editor, Curtis D. Klaassen, PhD, DABT, ATS, FAASLD, University Distinguished Professor and Chair (Retired), Department of Pharmacology, Toxicology and Therapeutics, School of Medicine, University of Kansas, Kansas City, Kansas.</subfield>
  </datafield>
  <datafield tag="246" ind1="3" ind2="0">
    <subfield code="a">Toxicology</subfield>
  </datafield>
  <datafield tag="250" ind1=" " ind2=" ">
    <subfield code="a">Ninth edition.</subfield>
  </datafield>
  <datafield tag="264" ind1=" " ind2="1">
    <subfield code="a">New York :</subfield>
    <subfield code="b">McGraw-Hill Education,</subfield>
    <subfield code="c">[2019]</subfield>
  </datafield>
  <datafield tag="264" ind1=" " ind2="4">
    <subfield code="c">&#xA9;2019</subfield>
  </datafield>
  <datafield tag="300" ind1=" " ind2=" ">
    <subfield code="a">xiii, 1620 pages :</subfield>
    <subfield code="b">illustrations (some color) ;</subfield>
    <subfield code="c">29 cm</subfield>
  </datafield>
  <datafield tag="336" ind1=" " ind2=" ">
    <subfield code="a">text</subfield>
    <subfield code="b">txt</subfield>
    <subfield code="2">rdacontent</subfield>
  </datafield>
  <datafield tag="337" ind1=" " ind2=" ">
    <subfield code="a">unmediated</subfield>
    <subfield code="b">n</subfield>
    <subfield code="2">rdamedia</subfield>
  </datafield>
  <datafield tag="338" ind1=" " ind2=" ">
    <subfield code="a">volume</subfield>
    <subfield code="b">nc</subfield>
    <subfield code="2">rdacarrier</subfield>
  </datafield>
  <datafield tag="504" ind1=" " ind2=" ">
    <subfield code="a">Includes bibliographical references and index.</subfield>
  </datafield>
  <datafield tag="520" ind1=" " ind2=" ">
    <subfield code="a">"The gold-standard text on the science of poisons updated to capture the latest breakthroughs and developments Casarett &amp; Doull's Toxicology: The Basic Sciences of Poisons is the most trusted all-in-one overview of the biomedical and environmental aspects of toxicology. Presented in full color, it delivers a skill-building review of the basic components of toxicology, including general principles, modes of action, and chemical-specific toxicity.  Spanning the entire field, Casarett &amp; Doull's is considered to be the ultimate authority in toxicology.  The Ninth Edition has been extensively updated by each chapter author and is enhanced by the addition of all-new chapters on timely topics such as computational toxicology and auditory toxicology. The extensive use of tables, illustrations, and other visuals make the information easy to understand and remember"--</subfield>
    <subfield code="c">Provided by publisher.</subfield>
  </datafield>
  <datafield tag="520" ind1=" " ind2=" ">
    <subfield code="a">"This edition reflects the progress made in toxicology during the last few years. For example the importance of apoptosis, autophagy, cytokines, growth factors, oncogenes, cell cycling, receptors, gene regulation, protective mechanisms, repair mechanisms, transcription factors, signaling pathways, transgenic mice, knock-out mice, humanized mice, polymorphisms, microarray technology, second-generation sequencing, genomics, proteomics, epigenetics, exposome, microbiota, read across, adverse outcome pathways, high-content screening, computational toxicology, innovative test methods, organ-on-a-chip, etc. in understanding the mechanisms of toxicity and the regulation of chemicals"--</subfield>
    <subfield code="c">Provided by publisher.</subfield>
  </datafield>
  <datafield tag="650" ind1=" " ind2="0">
    <subfield code="a">Toxicology.</subfield>
  </datafield>
  <datafield tag="650" ind1=" " ind2="7">
    <subfield code="a">MEDICAL / Pharmacology.</subfield>
    <subfield code="2">bisacsh</subfield>
  </datafield>
  <datafield tag="700" ind1="1" ind2=" ">
    <subfield code="a">Klaassen, Curtis D.</subfield>
    <subfield code="e">editor.</subfield>
    <subfield code="9">8646</subfield>
  </datafield>
  <datafield tag="776" ind1="0" ind2="8">
    <subfield code="i">Online version:</subfield>
    <subfield code="t">Casarett and Doull's toxicology</subfield>
    <subfield code="b">Ninth edition.</subfield>
    <subfield code="d">New York : McGraw-Hill Education, [2019]</subfield>
    <subfield code="z">9781259863752</subfield>
    <subfield code="w">(DLC) 2018012790</subfield>
  </datafield>
  <datafield tag="906" ind1=" " ind2=" ">
    <subfield code="a">7</subfield>
    <subfield code="b">cbc</subfield>
    <subfield code="c">orignew</subfield>
    <subfield code="d">1</subfield>
    <subfield code="e">ecip</subfield>
    <subfield code="f">20</subfield>
    <subfield code="g">y-gencatlg</subfield>
  </datafield>
  <datafield tag="942" ind1=" " ind2=" ">
    <subfield code="2">ddc</subfield>
    <subfield code="c">BK</subfield>
    <subfield code="h">615.9</subfield>
    <subfield code="i">KLA/C</subfield>
    <subfield code="k">615.9</subfield>
    <subfield code="m">KLA/C</subfield>
  </datafield>
</record>
